Managerial Accounting / (Record no. 14982)

MARC details
000 -LEADER
fixed length control field 01043cac a22002531u 4500
008 - FIXED-LENGTH DATA ELEMENTS--GENERAL INFORMATION
fixed length control field 080908s2010|r|||r 001 001 0 eng
010 ## - LIBRARY OF CONGRESS CONTROL NUMBER
LC control number 2006102821
020 ## - INTERNATIONAL STANDARD BOOK NUMBER
International Standard Book Number 0070170444
020 ## - INTERNATIONAL STANDARD BOOK NUMBER
International Standard Book Number 9780070170445
082 00 - DEWEY DECIMAL CLASSIFICATION NUMBER
Classification number 658.1511
Item number GAR
Edition number 22
100 ## - MAIN ENTRY--PERSONAL NAME
Personal name Garrison, Ray H.
9 (RLIN) 12225
245 10 - TITLE STATEMENT
Title Managerial Accounting /
Statement of responsibility, etc Ray H. Garrison, Eric W. Noreen, Peter C. Brewer.
250 ## - EDITION STATEMENT
Edition statement 13th ed.
260 ## - PUBLICATION, DISTRIBUTION, ETC. (IMPRINT)
Place of publication, distribution, etc Boston :
Name of publisher, distributor, etc McGraw-Hill/Irwin, 2010
Date of publication, distribution, etc 2010
300 ## - PHYSICAL DESCRIPTION
Extent 804 p. :
Other physical details col. ill. ;
Dimensions 29 cm.
504 ## - BIBLIOGRAPHY, ETC. NOTE
Bibliography, etc Includes bibliographical references and index.
650 #0 - SUBJECT ADDED ENTRY--TOPICAL TERM
Topical term or geographic name as entry element Managerial accounting.
9 (RLIN) 12226
700 1# - ADDED ENTRY--PERSONAL NAME
Personal name Noreen, Eric W.
9 (RLIN) 12227
700 1# - ADDED ENTRY--PERSONAL NAME
9 (RLIN) 12228
Personal name Brewer, Peter C.
856 42 - ELECTRONIC LOCATION AND ACCESS
Materials specified Publisher description
Uniform Resource Identifier <a href="http://www.loc.gov/catdir/enhancements/fy0705/2006102821-d.html">http://www.loc.gov/catdir/enhancements/fy0705/2006102821-d.html</a>
856 42 - ELECTRONIC LOCATION AND ACCESS
Materials specified Table of contents only
Uniform Resource Identifier <a href="http://www.loc.gov/catdir/enhancements/fy0705/2006102821-t.html">http://www.loc.gov/catdir/enhancements/fy0705/2006102821-t.html</a>
856 42 - ELECTRONIC LOCATION AND ACCESS
Materials specified Contributor biographical information
Uniform Resource Identifier <a href="http://www.loc.gov/catdir/enhancements/fy0737/2006102821-b.html">http://www.loc.gov/catdir/enhancements/fy0737/2006102821-b.html</a>
942 ## - ADDED ENTRY ELEMENTS (KOHA)
Item type Book - Borrowing
Call number prefix 658.1511 GAR
Source of classification or shelving scheme Dewey Decimal Classification
Holdings
Withdrawn status Item status Source of classification or shelving scheme Damaged status Not for loan Vendor Home library Current library Shelving location Date acquired Source of acquisition Total Checkouts Total Renewals Full call number Barcode Date last seen Date last borrowed Koha item type Materials specified (bound volume or other part) Cost, normal purchase price Cost, replacement price
    Dewey Decimal Classification     Baccah Central Library Central Library First floor 10/03/2011   12 38 658.1511 GAR 000022847 15/07/2025 05/04/2021 Book - Borrowing      
    Dewey Decimal Classification     Baccah Central Library Central Library First floor 10/03/2011   11 77 658.1511 GAR 000022848 15/07/2025 05/04/2022 Book - Borrowing      
  Lost Dewey Decimal Classification     Baccah Central Library Central Library First floor 10/03/2011   5 8 658.1511 GAR 000022633 18/08/2011 31/07/2011 Book - Borrowing Lost In Inventory_2015-8-23    
    Dewey Decimal Classification     Baccah Central Library Central Library First floor 10/03/2011   9   658.1511 GAR 000022632 15/07/2025 02/05/2012 NB - Book (Non borrowing)      
    Dewey Decimal Classification     Baccah Central Library Central Library First floor 22/03/2011   11 25 658.1511 GAR 000023017 15/07/2025 01/04/2021 Book - Borrowing      
    Dewey Decimal Classification     Baccah Central Library Central Library First floor 22/03/2011   8 47 658.1511 GAR 000023018 15/07/2025 01/04/2021 Book - Borrowing      
    Dewey Decimal Classification     Baccah Central Library Central Library First floor 22/03/2011   7 59 658.1511 GAR 000023019 15/07/2025 21/02/2019 Book - Borrowing      
  Lost Dewey Decimal Classification     Baccah Central Library Central Library First floor 22/03/2011   4 12 658.1511 GAR 000023020 23/08/2016 24/03/2013 Book - Borrowing Lost In Inventory_2017-8-25    
    Dewey Decimal Classification     Baccah Central Library Central Library First floor 22/03/2011   6 27 658.1511 GAR 000023021 15/07/2025 05/03/2012 Book - Borrowing      
    Dewey Decimal Classification     Baccah Central Library Central Library First floor 22/03/2011   12 27 658.1511 GAR 000023022 15/07/2025 01/04/2021 Book - Borrowing      
    Dewey Decimal Classification     Baccah Central Library Central Library First floor 02/05/2011   3 4 658.1511 GAR 000023466 15/07/2025 12/02/2012 Book - Borrowing   200.00 250.00